000
00196nam a22000857a 4500
008
170124b xxu||||| |||| 00| 0 eng d
100
_9
2551
_a
Chawla.A
245
_a
Machines
260
_a
New Delhi
_b
DP2010
999
_c
5649
_d
5649